000 00615cab a2200217 4500
001 WB3440-48
008 090401t1998 xxu||||| |||| 00| 0 eng d
035 _a(Sirsi) u89186
041 _aeng
245 _aDown the tube
260 _c1998
350 _a0
490 _aGuardian
_v21 October 1998, 21(2)
520 _aExamines the history of the Jubilee Line Extension which is now behind time and £1bn over budget. Graphs.
650 _aJUBILEE LINE EXTENSION
650 _aLONDON UNDERGROUND
650 _aTUBE NETWORK
690 _aTRANSPORT AND COMMUNICATIONS
942 _n0
948 _c21/10/1998
999 _c56406
_d56406